Úvod do otvoreného prístupu otvorený prístup pre knihovnícke školy

Gespeichert in:
Bibliographische Detailangaben
Format: Buch
Sprache:Slowakisch
Veröffentlicht: Paríž UNESCO 2015
Schlagworte:
Tags: Tag hinzufügen
Keine Tags, Fügen Sie das erste Tag hinzu!

MARC

LEADER 00000nlm a2200000 4500
001 0290601
005 20230316095607.8
020 |a 978-80-89965-10-6 
041 0 |a slo 
044 |a FR 
245 1 0 |a Úvod do otvoreného prístupu  |b otvorený prístup pre knihovnícke školy 
264 1 |a Paríž  |b UNESCO  |c 2015 
300 |a 83 s. 
610 2 0 |a veda 
610 2 0 |a výskum 
610 2 0 |a história 
610 2 0 |a vývoj 
610 2 0 |a licencie 
610 2 0 |a vlastníctvo duševné 
610 2 0 |a právo autorské 
610 2 0 |a vzdelávanie